Two plays : (Record no. 33827)

MARC details
000 -LEADER
fixed length control field 01840nam a22004577a 4500
003 - CONTROL NUMBER IDENTIFIER
control field dpl
005 - DATE AND TIME OF LATEST TRANSACTION
control field 20100210113845.0
008 - FIXED-LENGTH DATA ELEMENTS--GENERAL INFORMATION
fixed length control field 091208s2010 ii a b 000 d eng d
010 ## - LIBRARY OF CONGRESS CONTROL NUMBER
LC control number ENG-95854
020 ## - INTERNATIONAL STANDARD BOOK NUMBER
International Standard Book Number 9780198065494
020 ## - INTERNATIONAL STANDARD BOOK NUMBER
International Standard Book Number 0198065493
025 ## - OVERSEAS ACQUISITION NUMBER
Overseas acquisition number I-E-2009-305742; 25
035 ## - SYSTEM CONTROL NUMBER
System control number EN-79387
035 ## - SYSTEM CONTROL NUMBER
System control number (OCoLC)489405599
037 ## - SOURCE OF ACQUISITION
Stock number Library of Congress -- New Delhi Overseas Office
Terms of availability Rs395.00
040 ## - CATALOGING SOURCE
Original cataloging agency DPL
Language of cataloging eng
Transcribing agency DKAGE
Modifying agency DLC
041 ## - LANGUAGE CODE
Language code of text/sound track or separate title eng
Language code of original and/or intermediate translations of text ben
042 ## - AUTHENTICATION CODE
Authentication code lccopycat
-- lcode
043 ## - GEOGRAPHIC AREA CODE
Geographic area code a-ii---
050 ## - LIBRARY OF CONGRESS CALL NUMBER
Classification number MLCM 2009/00186 (P)
-- PK1718.S3263
082 ## - DEWEY DECIMAL CLASSIFICATION NUMBER
Classification number 891.44371
Edition number 22
100 ## - MAIN ENTRY--PERSONAL NAME
Personal name Sarkar, Badal.
240 ## - UNIFORM TITLE
Uniform title <a href="Indian history made easy">Indian history made easy</a>
245 ## - TITLE STATEMENT
Title Two plays :
Remainder of title Indian history made easy. Life of Bagala /
Statement of responsibility, etc Badal Sircar ; translated and with an introduction by Subhendu Sarkar.
260 ## - PUBLICATION, DISTRIBUTION, ETC. (IMPRINT)
Place of publication, distribution, etc New Delhi :
Name of publisher, distributor, etc Oxford University Press,
Date of publication, distribution, etc 2010.
270 ## - ADDRESS
Address YMCA Library Building, Jai Singh Road
City New Delhi
Postal code 110001
300 ## - PHYSICAL DESCRIPTION
Extent xxxvii, 125 p. :
Other physical details ill. ;
Dimensions 23 cm.
504 ## - BIBLIOGRAPHY, ETC. NOTE
Bibliography, etc Includes bibliographical references.
546 ## - LANGUAGE NOTE
Language note Translated from Bengali.
650 ## - SUBJECT ADDED ENTRY--TOPICAL TERM
Topical term or geographic name as entry element Bengali drama
Form subdivision Translations into English.
651 ## - SUBJECT ADDED ENTRY--GEOGRAPHIC NAME
Geographic name India
General subdivision History
Chronological subdivision British occupation, 1765-1947
Form subdivision Fiction.
700 ## - ADDED ENTRY--PERSONAL NAME
Personal name Sarkar, Subhendu.
700 ## - ADDED ENTRY--PERSONAL NAME
Personal name Sarkar, Badal.
Title of a work Life of Bagala.
740 ## - ADDED ENTRY--UNCONTROLLED RELATED/ANALYTICAL TITLE
Uncontrolled related/analytical title Life of Bagala.
856 ## - ELECTRONIC LOCATION AND ACCESS
Materials specified Contributor biographical information
Uniform Resource Identifier <a href="http://www.loc.gov/catdir/enhancements/fy1005/2009305742-b.html">http://www.loc.gov/catdir/enhancements/fy1005/2009305742-b.html</a>
856 ## - ELECTRONIC LOCATION AND ACCESS
Materials specified Publisher description
Uniform Resource Identifier <a href="http://www.loc.gov/catdir/enhancements/fy1005/2009305742-d.html">http://www.loc.gov/catdir/enhancements/fy1005/2009305742-d.html</a>
906 ## - LOCAL DATA ELEMENT F, LDF (RLIN)
a 7
b cbc
c copycat
d 4
e ncip
f 20
g y-gencatlg
942 ## - ADDED ENTRY ELEMENTS (KOHA)
Source of classification or shelving scheme Dewey Decimal Classification
Koha item type English Books
Holdings
Withdrawn status Lost status Source of classification or shelving scheme Materials specified (bound volume or other part) Damaged status Not for loan Collection code Home library Current library Date acquired Source of acquisition Cost, normal purchase price Total Checkouts Barcode Date last seen Copy number Cost, replacement price Price effective from Koha item type
    Dewey Decimal Classification Hb   Not For Loan Fiction D.B.Act.Division D.B.Act.Division 10/02/2010 DBAD/PUB 395.00   EN-79387 10/02/2010 1 395.00 10/02/2010 English Books

© Delhi Public Library
Hit Counter
free hit counter